[Event "Bayern-ch Seniors 19th"]
[Site "Schloss Schney"]
[Date "2007.06.17"]
[Round "6"]
[White "Jakubowski, Karl"]
[Black "Froeling, Philippa"]
[Result "1/2-1/2"]
[WhiteElo "1380"]
[BlackElo "1192"]
[PlyCount "43"]
[EventDate "2007.06.12"]
[EventType "swiss"]
[EventRounds "9"]
[EventCountry "GER"]
[SourceTitle "EXT 2008"]
[Source "ChessBase"]
[SourceDate "2007.11.25"]
[SourceVersion "1"]
[SourceVersionDate "2007.11.25"]
[SourceQuality "1"]

1. c4 e5 2. Nc3 Ne7 3. Nf3 d6 4. d3 g6 5. Bg5 c6 6. Ne4 Bg7 7. Nf6+ Bxf6 8. Bxf6 0-0 9. Qd2 Nd7 10. Bg5 f6 11. Bh6 Rf7 12. Qb4 c5 13. Qb3 Nf5 14. Bd2 Nd4 15. Nxd4 exd4 16. g3 b6 17. Bg2 Rb8 18. 0-0 Bb7 19. Bh3 Re7 20. Rae1 Ne5 21. f4 Nf7 22. Qd1 1/2-1/2

[Event "Bad Wildungen Seniors op 3rd"]
[Site "Bad Wildungen"]
[Date "2006.08.08"]
[Round "9"]
[White "Oser, Thor"]
[Black "Jakubowski, Karl"]
[Result "1-0"]
[WhiteElo "1637"]
[BlackElo "1347"]
[PlyCount "57"]
[EventDate "2006.07.31"]
[EventType "swiss"]
[EventRounds "9"]
[EventCountry "GER"]
[SourceTitle "EXT 2007"]
[Source "ChessBase"]
[SourceDate "2006.11.23"]
[SourceVersion "1"]
[SourceVersionDate "2006.11.23"]
[SourceQuality "1"]

1. e4 e5 2. Nf3 Nc6 3. d4 exd4 4. Nxd4 Be7 5. c3 Nf6 6. Bd3 0-0 7. 0-0 Ne5 8. Bc2 d6 9. h3 c5 10. Nf3 Bd7 11. Nxe5 dxe5 12. c4 Qc8 13. Qf3 b6 14. Nc3 Bc6 15. Bg5 h6 16. Bh4 Qb7 17. Rfe1 Rad8 18. g4 Nh7 19. Bxe7 Qxe7 20. Nd5 Qh4 21. Kh2 Rd6 22. Qg3 Qg5 23. Rad1 Rfd8 24. h4 Rxd5 25. hxg5 Rxd1 26. Rxd1 Rxd1 27. Bxd1 Nxg5 28. Qxe5 Nxe4 29. Bf3 1-0

[Event "Bad Wildungen Seniors op 3rd"]
[Site "Bad Wildungen"]
[Date "2006.08.05"]
[Round "6"]
[White "Jakubowski, Karl"]
[Black "Schuller, Erhard"]
[Result "1/2-1/2"]
[WhiteElo "1347"]
[BlackElo "1642"]
[PlyCount "41"]
[EventDate "2006.07.31"]
[EventType "swiss"]
[EventRounds "9"]
[EventCountry "GER"]
[SourceTitle "EXT 2007"]
[Source "ChessBase"]
[SourceDate "2006.11.23"]
[SourceVersion "1"]
[SourceVersionDate "2006.11.23"]
[SourceQuality "1"]

1. c4 Nf6 2. d4 e6 3. Nf3 c5 4. g3 d5 5. e3 Be7 6. Bg2 0-0 7. Nbd2 Nbd7 8. 0-0 cxd4 9. Nxd4 Rb8 10. a3 Ne5 11. cxd5 Nxd5 12. N2f3 Ng6 13. Bd2 e5 14. Nb5 a6 15. Nc3 Be6 16. Rc1 f6 17. Nxd5 Bxd5 18. Bc3 Bf7 19. Qc2 b5 20. Rfd1 Qb6 21. Rd7 1/2-1/2

[Event "Bad Wildungen Seniors op 3rd"]
[Site "Bad Wildungen"]
[Date "2006.08.02"]
[Round "3"]
[White "Giering, Helmut"]
[Black "Jakubowski, Karl"]
[Result "1-0"]
[WhiteElo "1738"]
[BlackElo "1347"]
[PlyCount "64"]
[EventDate "2006.07.31"]
[EventType "swiss"]
[EventRounds "9"]
[EventCountry "GER"]
[SourceTitle "EXT 2007"]
[Source "ChessBase"]
[SourceDate "2006.11.23"]
[SourceVersion "1"]
[SourceVersionDate "2006.11.23"]
[SourceQuality "1"]

1. Nf3 Nf6 2. b3 d6 3. d4 Bg4 4. Nbd2 g6 5. Bb2 Bg7 6. g3 0-0 7. Bg2 c6 8. 0-0 d5 9. c4 Bf5 10. cxd5 Qxd5 11. Ng5 Qd8 12. e4 Bg4 13. Qc2 Qa5 14. Ngf3 Nbd7 15. Nc4 Qc7 16. Rfe1 Bxf3 17. Bxf3 e6 18. Rac1 Nb6 19. Ne3 Rad8 20. d5 exd5 21. Bxf6 Bxf6 22. exd5 Qd6 23. dxc6 bxc6 24. Qxc6 Bg5 25. Qxd6 Rxd6 26. Rc7 a6 27. Nc4 Nxc4 28. bxc4 Rd2 29. a4 Rb8 30. Bd5 Rxd5 31. cxd5 Rd8 32. Rd1 Rd6 1-0

[Event "Bayern-ch Seniors 18th"]
[Site "Schloss Schney"]
[Date "2006.07.03"]
[Round "9"]
[White "Jakubowski, Karl"]
[Black "Van Houten, Henk"]
[Result "0-1"]
[WhiteElo "1373"]
[BlackElo "1597"]
[PlyCount "40"]
[EventDate "2006.06.25"]
[EventType "swiss"]
[EventRounds "9"]
[EventCountry "GER"]
[SourceTitle "EXT 2007"]
[Source "ChessBase"]
[SourceDate "2006.11.23"]
[SourceVersion "1"]
[SourceVersionDate "2006.11.23"]
[SourceQuality "1"]

1. c4 c5 2. Nc3 e5 3. Nf3 Nc6 4. g3 Rb8 5. b3 g6 6. Rb1 Nge7 7. Bb2 Bg7 8. d3 0-0 9. Bg2 d6 10. 0-0 a6 11. Bc1 b5 12. Bb2 bxc4 13. dxc4 Bf5 14. e4 Be6 15. Ng5 Qd7 16. Nxe6 fxe6 17. Qg4 h5 18. Qe2 Nd4 19. Qd2 Nec6 20. Bh3 Nf3+ 0-1

[Event "Bad Griesbach Seniors op 08th"]
[Site "Bad Griesbach"]
[Date "2005.12.05"]
[Round "2"]
[White "Muenz, Werner"]
[Black "Jakubowski, Karl"]
[Result "1/2-1/2"]
[WhiteElo "1792"]
[BlackElo "1367"]
[PlyCount "30"]
[EventDate "2005.12.04"]
[EventType "swiss"]
[EventRounds "9"]
[EventCountry "GER"]
[SourceTitle "EXT 2015"]
[Source "ChessBase"]
[SourceDate "2014.11.20"]
[SourceVersion "1"]
[SourceVersionDate "2014.11.20"]
[SourceQuality "1"]

1. e4 e5 2. Nf3 Nc6 3. Bc4 Be7 4. d4 exd4 5. Nxd4 Ne5 6. Bb3 Nf6 7. f3 0-0 8. 0-0 a6 9. f4 Nc6 10. Nxc6 dxc6 11. e5 Bc5+ 12. Kh1 Qxd1 13. Rxd1 Ne4 14. Rf1 Nf2+ 15. Kg1 Ne4+ 1/2-1/2

[Event "Bad Griesbach Seniors op 08th"]
[Site "Bad Griesbach"]
[Date "2005.12.04"]
[Round "1"]
[White "Jakubowski, Karl"]
[Black "Reisinger, Georg"]
[Result "1/2-1/2"]
[WhiteElo "1367"]
[BlackElo "1740"]
[PlyCount "63"]
[EventDate "2005.12.04"]
[EventType "swiss"]
[EventRounds "9"]
[EventCountry "GER"]
[SourceTitle "EXT 2015"]
[Source "ChessBase"]
[SourceDate "2014.11.20"]
[SourceVersion "1"]
[SourceVersionDate "2014.11.20"]
[SourceQuality "1"]

1. c4 e5 2. d3 Nf6 3. Nc3 Be7 4. Nf3 Nc6 5. g3 d6 6. Bg2 0-0 7. 0-0 a6 8. a3 Bf5 9. Bg5 Nh5 10. Bxe7 Nxe7 11. Nd2 Bc8 12. Nde4 c6 13. e3 g6 14. Bf3 f5 15. Nd2 Nf6 16. Bg2 d5 17. Nf3 Qc7 18. cxd5 Nexd5 19. Nxd5 Nxd5 20. Rc1 Qe7 21. d4 e4 22. Ne5 Be6 23. Qc2 Rac8 24. b4 Kg7 25. Qc5 Qf6 26. Nc4 Qd8 27. Qd6 Qxd6 28. Nxd6 Rc7 29. Nc4 g5 30. Ne5 h5 31. Rfe1 g4 32. Rc5 1/2-1/2

[Event "Bayern-ch Seniors 17th"]
[Site "Schloss Schney"]
[Date "2005.06.18"]
[Round "9"]
[White "Jakubowski, Karl"]
[Black "Conitz, Helmut"]
[Result "1/2-1/2"]
[WhiteElo "1312"]
[BlackElo "1451"]
[PlyCount "71"]
[EventDate "2005.06.10"]
[EventType "swiss"]
[EventRounds "9"]
[EventCountry "GER"]
[SourceTitle "EXT 2006"]
[Source "ChessBase"]
[SourceDate "2005.11.24"]
[SourceVersion "1"]
[SourceVersionDate "2005.11.24"]
[SourceQuality "1"]

1. c4 e5 2. Nc3 c6 3. Nf3 Qc7 4. d3 Bb4 5. Bd2 Ne7 6. g3 0-0 7. Bg2 d6 8. 0-0 Bxc3 9. Bxc3 Ng6 10. a3 Nd7 11. Rc1 Rb8 12. b4 b6 13. Bd2 h6 14. Be3 f5 15. c5 d5 16. Ne1 f4 17. cxb6 Nxb6 18. Bc5 Rf6 19. Nf3 Bb7 20. Qb3 Kh7 21. e3 Qf7 22. Qc2 Rd8 23. exf4 exf4 24. Bd4 Re6 25. Rce1 Rde8 26. Rxe6 Rxe6 27. Bc3 Kg8 28. d4 Nc4 29. Bh3 Re4 30. Re1 Nxa3 31. Qc1 Nb5 32. Rxe4 dxe4 33. Ne5 Nxe5 34. dxe5 fxg3 35. hxg3 Qf3 36. Bb2 1/2-1/2

[Event "Bayern-ch Seniors 17th"]
[Site "Schloss Schney"]
[Date "2005.06.15"]
[Round "6"]
[White "Ruthsatz, Albert"]
[Black "Jakubowski, Karl"]
[Result "1/2-1/2"]
[WhiteElo "1334"]
[BlackElo "1312"]
[PlyCount "73"]
[EventDate "2005.06.10"]
[EventType "swiss"]
[EventRounds "9"]
[EventCountry "GER"]
[SourceTitle "EXT 2006"]
[Source "ChessBase"]
[SourceDate "2005.11.24"]
[SourceVersion "1"]
[SourceVersionDate "2005.11.24"]
[SourceQuality "1"]

1. Nf3 d6 2. h3 Nf6 3. d4 Nc6 4. Nc3 d5 5. a3 Bd7 6. Bg5 e6 7. Ne5 Be7 8. e3 a6 9. Be2 h6 10. Bxf6 Bxf6 11. Nxc6 Bxc6 12. b4 b5 13. 0-0 0-0 14. Bd3 e5 15. Be2 Bb7 16. a4 c6 17. a5 Bc8 18. Na2 Bf5 19. c3 Qd7 20. Nc1 Rae8 21. Nb3 e4 22. Nc5 Qc8 23. Bg4 Bxg4 24. Qxg4 Qxg4 25. hxg4 Ra8 26. Nd7 Rfd8 27. Nxf6+ gxf6 28. f4 Kg7 29. Ra2 Rh8 30. g3 Rag8 31. Rh2 Kg6 32. Kg2 f5 33. gxf5+ Kxf5 34. Rh5+ Kg6 35. Rfh1 f5 36. Kf2 Rg7 37. R5h2 1/2-1/2

[Event "Bad Griesbach Seniors op 7th"]
[Site "Bad Griesbach"]
[Date "2004.12.09"]
[Round "5"]
[White "Heuberger, Josef"]
[Black "Jakubowski, Karl"]
[Result "1-0"]
[WhiteElo "1406"]
[BlackElo "1323"]
[PlyCount "79"]
[EventDate "2004.12.05"]
[EventType "swiss"]
[EventRounds "7"]
[EventCountry "GER"]
[SourceTitle "EXT 2006"]
[Source "ChessBase"]
[SourceDate "2005.11.24"]
[SourceVersion "1"]
[SourceVersionDate "2005.11.24"]
[SourceQuality "1"]

1. d4 d5 2. c4 Nf6 3. Nf3 e6 4. Nc3 c6 5. Bg5 Be7 6. e3 Nbd7 7. Bd3 h6 8. Bh4 dxc4 9. Bxc4 Nd5 10. Bxe7 Qxe7 11. a3 N7f6 12. 0-0 0-0 13. Ne5 Nd7 14. Nf3 N5f6 15. Rc1 Nb6 16. Ba2 Rd8 17. Qc2 Nbd7 18. Rfe1 e5 19. dxe5 Nxe5 20. Nd4 Bg4 21. Nf5 Qd7 22. Nd4 Bh5 23. Nce2 Bg6 24. Qd1 Qc7 25. Nf4 Kh8 26. Nxg6+ Nxg6 27. Qe2 Rf8 28. Red1 Qe5 29. Nf3 Qh5 30. Rd4 Ne5 31. Rc2 Nxf3+ 32. Qxf3 Qxf3 33. gxf3 Rad8 34. Rcd2 Rb8 35. Kf1 Nh7 36. Rd7 Ng5 37. Ke2 Ne6 38. f4 g6 39. h4 Kg7 40. Bxe6 1-0

[Event "Bayern-ch Seniors 16th"]
[Site "Schloss Schney"]
[Date "2004.06.12"]
[Round "7"]
[White "Fanenbruck, Guenter"]
[Black "Jakubowski, Karl"]
[Result "1-0"]
[WhiteElo "1544"]
[BlackElo "1325"]
[PlyCount "65"]
[EventDate "2004.06.06"]
[EventType "swiss"]
[EventRounds "9"]
[EventCountry "GER"]
[SourceTitle "EXT 2006"]
[Source "ChessBase"]
[SourceDate "2005.11.24"]
[SourceVersion "1"]
[SourceVersionDate "2005.11.24"]
[SourceQuality "1"]

1. e4 e5 2. Nf3 Nc6 3. d4 exd4 4. Nxd4 Nf6 5. Nc3 Be7 6. Bc4 d6 7. 0-0 0-0 8. h3 Ne5 9. Bb3 Bd7 10. Be3 a6 11. Nde2 Bc6 12. Ng3 Bd7 13. Bg5 Kh8 14. a4 Ng8 15. Be3 Ng6 16. Nd5 Bf6 17. c3 Be5 18. f4 Bf6 19. Nh5 c6 20. Bb6 Qe8 21. Nc7 Qc8 22. Nxa8 Qxa8 23. Qxd6 Qc8 24. Rad1 Bxh3 25. f5 Be5 26. Qd3 Bg4 27. fxg6 Bxh5 28. gxf7 Bxd1 29. fxg8Q+ Rxg8 30. Bxg8 Qxg8 31. Rxd1 Bf6 32. Bd4 Be7 33. Qg3 1-0

[Event "Bayern-ch Seniors 16th"]
[Site "Schloss Schney"]
[Date "2004.06.11"]
[Round "6"]
[White "Jakubowski, Karl"]
[Black "Ambros, Hans"]
[Result "1-0"]
[WhiteElo "1325"]
[BlackElo "1184"]
[PlyCount "79"]
[EventDate "2004.06.06"]
[EventType "swiss"]
[EventRounds "9"]
[EventCountry "GER"]
[SourceTitle "EXT 2006"]
[Source "ChessBase"]
[SourceDate "2005.11.24"]
[SourceVersion "1"]
[SourceVersionDate "2005.11.24"]
[SourceQuality "1"]

1. c4 c5 2. Nc3 d6 3. g3 e5 4. Bg2 Be7 5. d3 Nf6 6. Nf3 0-0 7. 0-0 Nc6 8. Bd2 a6 9. a3 b6 10. Ng5 Bb7 11. Nge4 Rb8 12. Nxf6+ Bxf6 13. e3 Ne7 14. Nd5 h6 15. Nxf6+ gxf6 16. Qg4+ Ng6 17. e4 Kh7 18. Qh5 Rh8 19. Qxh6+ Kg8 20. Qe3 Kg7 21. f4 exf4 22. gxf4 Nh4 23. Qg3+ Kf8 24. Rf2 f5 25. Bc3 Rg8 26. Qh3 fxe4 27. Kf1 Nxg2 28. Rxg2 Rxg2 29. Qh6+ Ke8 30. Kxg2 exd3+ 31. Kg3 Be4 32. Re1 f5 33. Qe6+ Qe7 34. Qxe7+ Kxe7 35. h4 Rg8+ 36. Kh3 Rg4 37. Rxe4+ Kf7 38. Re3 Rxf4 39. Rxd3 Ke6 40. Rg3 1-0

[Event "Bayern-ch Seniors 16th"]
[Site "Schloss Schney"]
[Date "2004.06.07"]
[Round "2"]
[White "Jakubowski, Karl"]
[Black "Theuermeister, Peter"]
[Result "1/2-1/2"]
[WhiteElo "1325"]
[BlackElo "1650"]
[PlyCount "49"]
[EventDate "2004.06.06"]
[EventType "swiss"]
[EventRounds "9"]
[EventCountry "GER"]
[SourceTitle "EXT 2006"]
[Source "ChessBase"]
[SourceDate "2005.11.24"]
[SourceVersion "1"]
[SourceVersionDate "2005.11.24"]
[SourceQuality "1"]

1. c4 Nf6 2. Nc3 e5 3. d3 h6 4. Nf3 Nc6 5. g3 Bc5 6. Bg2 0-0 7. 0-0 Re8 8. e4 a6 9. a3 d6 10. b4 Ba7 11. Bb2 Bg4 12. Ne2 Qd7 13. Rc1 b5 14. cxb5 axb5 15. Qc2 Bxf3 16. Bxf3 Nd4 17. Nxd4 Bxd4 18. Bxd4 exd4 19. Qb2 Nh7 20. e5 Ra6 21. exd6 Qxd6 22. Rc5 c6 23. Rfc1 Re6 24. Qb3 Nf6 25. Qc2 1/2-1/2

[Event "Kaiserbrunnen Seniors op 2nd "]
[Site "Brakel"]
[Date "2004.02.28"]
[Round "9"]
[White "Vossen, Leo"]
[Black "Jakubowski, Karl"]
[Result "1-0"]
[WhiteElo "1846"]
[BlackElo "1370"]
[PlyCount "61"]
[EventDate "2004.02.20"]
[EventType "swiss"]
[EventRounds "9"]
[EventCountry "GER"]
[SourceTitle "EXT 2006"]
[Source "ChessBase"]
[SourceDate "2005.11.24"]
[SourceVersion "1"]
[SourceVersionDate "2005.11.24"]
[SourceQuality "1"]

1. e4 e5 2. Nf3 Nc6 3. Bb5 d6 4. d4 Bd7 5. 0-0 Be7 6. Nc3 Nf6 7. Re1 0-0 8. Bxc6 Bxc6 9. Bg5 Bd7 10. dxe5 dxe5 11. Nxe5 Be6 12. h3 c6 13. a3 Qa5 14. Nf3 Rfe8 15. Qd2 Red8 16. Qe2 Qc7 17. Rad1 h6 18. Bh4 Nh5 19. Bxe7 Qxe7 20. Qe3 g5 21. Nd4 Bd7 22. Nde2 Qe6 23. Ng3 Nf4 24. Nf5 Qf6 25. Rd6 Be6 26. Red1 Kh7 27. e5 Qh8 28. Qe4 Ng6 29. Ne7 Re8 30. Nxg6 fxg6 31. Rd7+ 1-0

[Event "Kaiserbrunnen Seniors op 2nd "]
[Site "Brakel"]
[Date "2004.02.26"]
[Round "7"]
[White "Oser, Thor"]
[Black "Jakubowski, Karl"]
[Result "1-0"]
[WhiteElo "1941"]
[BlackElo "1370"]
[PlyCount "52"]
[EventDate "2004.02.20"]
[EventType "swiss"]
[EventRounds "9"]
[EventCountry "GER"]
[SourceTitle "EXT 2006"]
[Source "ChessBase"]
[SourceDate "2005.11.24"]
[SourceVersion "1"]
[SourceVersionDate "2005.11.24"]
[SourceQuality "1"]

1. e4 e5 2. Nf3 Nc6 3. d4 exd4 4. Nxd4 Nf6 5. Nxc6 bxc6 6. Bd3 Be7 7. Nd2 d6 8. h3 Bb7 9. 0-0 0-0 10. Re1 Nd7 11. c3 Ne5 12. Be2 c5 13. Qc2 Bh4 14. Rf1 Bg5 15. f4 Bxf4 16. Rxf4 Qg5 17. Nf3 Qg6 18. Nxe5 dxe5 19. Rf5 Qg3 20. Qd3 Qe1+ 21. Rf1 Qh4 22. Bf3 Rad8 23. Qe3 Rd6 24. Qg5 Qxg5 25. Bxg5 f6 26. Be3 c4 1-0

[Event "Bad Zwischenahn Seniors op 1st"]
[Site "Bad Zwischenahn"]
[Date "2004.??.??"]
[Round "1"]
[White "Jakubowski, Karl"]
[Black "Struck, Bernd Dieter"]
[Result "0-1"]
[WhiteElo "1341"]
[BlackElo "1976"]
[PlyCount "90"]
[EventDate "2004.07.30"]
[EventType "swiss"]
[EventRounds "9"]
[EventCountry "GER"]
[SourceTitle "EXT 2006"]
[Source "ChessBase"]
[SourceDate "2005.11.24"]
[SourceVersion "1"]
[SourceVersionDate "2005.11.24"]
[SourceQuality "1"]

1. c4 e6 2. d3 d5 3. cxd5 exd5 4. d4 Nf6 5. Nf3 c6 6. Nc3 Bg4 7. g3 Bd6 8. Bg2 Nbd7 9. 0-0 0-0 10. a3 a5 11. Bd2 Qe7 12. Qe1 a4 13. Rb1 b5 14. Na2 Nb6 15. Bb4 Nc4 16. Bxd6 Qxd6 17. Nb4 Rac8 18. Nd2 Rfe8 19. e3 Bf5 20. Nxc4 dxc4 21. Rc1 Be4 22. Na6 Bd3 23. Qb4 Qxb4 24. Nxb4 Bxf1 25. Kxf1 Ne4 26. Ke2 f5 27. Rd1 Red8 28. f3 Nf6 29. e4 c5 30. Nc2 fxe4 31. fxe4 Rc7 32. Ke3 Re7 33. Kf4 cxd4 34. Rxd4 Red7 35. Rxd7 Rxd7 36. e5 Rd2 37. Ne3 Rf2+ 38. Kg5 Nd7 39. Bd5+ Kf8 40. Ng4 Rxb2 41. e6 Nb6 42. Be4 Ke7 43. Kf5 c3 44. Ne3 g6+ 45. Ke5 Nc4+ 0-1

[Event "Kaiserbrunnen op 1st"]
[Site "Brakel"]
[Date "2003.10.31"]
[Round "3"]
[White "Jakubowski, Karl"]
[Black "Dunkel, Horst"]
[Result "1/2-1/2"]
[WhiteElo "1418"]
[BlackElo "1575"]
[PlyCount "115"]
[EventDate "2003.07.??"]
[EventType "swiss"]
[EventRounds "9"]
[EventCountry "GER"]
[SourceTitle "EXT 2006"]
[Source "ChessBase"]
[SourceDate "2005.11.24"]
[SourceVersion "1"]
[SourceVersionDate "2005.11.24"]
[SourceQuality "1"]

1. c4 Nf6 2. d3 e6 3. Nc3 Bb4 4. Bd2 0-0 5. Nf3 a6 6. g3 d6 7. Bg2 Nbd7 8. 0-0 Rb8 9. a3 Ba5 10. b4 Bb6 11. a4 c5 12. b5 a5 13. Bg5 h6 14. Bf4 e5 15. Bd2 Re8 16. e4 Nf8 17. Qc1 Kh7 18. Ne2 Ng6 19. Kh1 Be6 20. Nfg1 Bc7 21. Nh3 b6 22. f4 exf4 23. Nhxf4 Nxf4 24. Nxf4 Bg4 25. Rf2 Qd7 26. Qf1 Rf8 27. Bc3 Bd8 28. Re1 Kg8 29. Bxf6 Bxf6 30. Nd5 Bd4 31. Rf4 Be6 32. Re2 Bxd5 33. exd5 Rbe8 34. Rfe4 Rxe4 35. Rxe4 Re8 36. Bh3 Qd8 37. Qf4 Rxe4 38. dxe4 Qg5 39. Kg2 Qxf4 40. gxf4 Kf8 41. Kg3 Ke7 42. Bg4 g6 43. h3 Kf6 44. f5 gxf5 45. Bxf5 Ke5 46. Kf3 Bb2 47. Ke3 f6 48. Bg6 Bc1+ 49. Kd3 Kf4 50. Bf5 h5 51. Be6 Kf3 52. Bf5 Kf2 53. Bg6 h4 54. Bf5 Ke1 55. Bg4 Bf4 56. Bf3 Be5 57. Bg4 Bd4 58. Bf3 1/2-1/2

[Event "Kaiserbrunnen op 1st"]
[Site "Brakel"]
[Date "2003.10.31"]
[Round "1"]
[White "Jakubowski, Karl"]
[Black "Grams, Arthur"]
[Result "1/2-1/2"]
[WhiteElo "1418"]
[BlackElo "1707"]
[PlyCount "89"]
[EventDate "2003.07.??"]
[EventType "swiss"]
[EventRounds "9"]
[EventCountry "GER"]
[SourceTitle "EXT 2006"]
[Source "ChessBase"]
[SourceDate "2005.11.24"]
[SourceVersion "1"]
[SourceVersionDate "2005.11.24"]
[SourceQuality "1"]

1. c4 e5 2. d3 Nc6 3. Nc3 Nf6 4. Nf3 Be7 5. g3 b6 6. Bg2 Bb7 7. 0-0 0-0 8. Bg5 d6 9. a3 a5 10. Nd2 Rb8 11. e3 h6 12. Bxf6 Bxf6 13. Qa4 Ne7 14. Nde4 Ng6 15. Nxf6+ Qxf6 16. Bxb7 Rxb7 17. Qc6 Rfb8 18. Nd5 Qf5 19. e4 Qh3 20. Ne3 Ne7 21. Qa4 c6 22. b4 Ra8 23. b5 c5 24. Qd1 h5 25. Ng2 Ng6 26. f4 f5 27. Qf3 Rab8 28. exf5 Qxf5 29. Qd5+ Kh7 30. fxe5 Qxe5 31. Qf3 Re7 32. Rae1 Qg5 33. Rxe7 Nxe7 34. Qe4+ Kh8 35. Nf4 h4 36. Nh3 Qe5 37. Qxh4+ Kg8 38. Qf4 Ng6 39. Qf7+ Kh7 40. Nf2 Rf8 41. Qd7 Qd4 42. Qh3+ Kg8 43. Qe6+ Kh7 44. Qh3+ Kg8 45. Qe6+ 1/2-1/2

[Event "Kaiserbrunnen op 1st"]
[Site "Brakel"]
[Date "2003.10.31"]
[Round "2"]
[White "Schwirz, Horst"]
[Black "Jakubowski, Karl"]
[Result "1-0"]
[WhiteElo "1550"]
[BlackElo "1418"]
[PlyCount "91"]
[EventDate "2003.07.??"]
[EventType "swiss"]
[EventRounds "9"]
[EventCountry "GER"]
[SourceTitle "EXT 2006"]
[Source "ChessBase"]
[SourceDate "2005.11.24"]
[SourceVersion "1"]
[SourceVersionDate "2005.11.24"]
[SourceQuality "1"]

1. d4 d5 2. c4 Nf6 3. cxd5 Qxd5 4. Nc3 Qf5 5. Nf3 Nc6 6. e3 e6 7. Bd3 Qa5 8. 0-0 Bb4 9. Bd2 0-0 10. Qc2 Bxc3 11. Bxc3 Qh5 12. e4 Bd7 13. Be2 Qg6 14. Bd3 Qh5 15. Rad1 Rfe8 16. b4 Ne7 17. b5 Ng6 18. d5 e5 19. Bd2 Rac8 20. h3 Bxh3 21. Nh2 Bd7 22. Bc1 Ng4 23. Nxg4 Bxg4 24. f3 Bd7 25. Qf2 Qh4 26. g3 Qh3 27. Rfe1 c6 28. Bf1 Qh5 29. dxc6 Bh3 30. cxb7 Rb8 31. Qh2 Qxf3 32. Bxh3 Rxb7 33. a4 Qb3 34. Be3 Qxa4 35. Ra1 Qxb5 36. Bxa7 Rxa7 37. Rxa7 Qb6+ 38. Qf2 Qxf2+ 39. Kxf2 Ne7 40. Rea1 Kf8 41. Ra8 Nc6 42. Bf1 Nd4 43. Rxe8+ Kxe8 44. Ra8+ Ke7 45. Ra7+ Kf6 46. Bc4 1-0

[Event "Bayern-ch Seniors 15th"]
[Site "Schloss Schney"]
[Date "2003.06.17"]
[Round "5.28"]
[White "Banfelder, Herbert"]
[Black "Jakubowski, Karl"]
[Result "1-0"]
[WhiteElo "1620"]
[BlackElo "1398"]
[PlyCount "161"]
[EventDate "2003.06.13"]
[EventType "swiss"]
[EventRounds "9"]
[EventCountry "GER"]
[SourceTitle "EXT 2004"]
[Source "ChessBase"]
[SourceDate "2003.11.25"]
[SourceVersion "1"]
[SourceVersionDate "2003.11.25"]
[SourceQuality "1"]

1. e4 e5 2. Nf3 Nc6 3. Bb5 d6 4. c3 Bd7 5. d4 Nf6 6. Bg5 Be7 7. Nbd2 a6 8. Ba4 0-0 9. 0-0 b5 10. Bc2 Bg4 11. h3 Bh5 12. d5 Na5 13. b3 Nb7 14. g4 Bg6 15. Nh4 h6 16. Nxg6 fxg6 17. Be3 Nh7 18. Bd3 Bg5 19. Qe2 Bxe3 20. fxe3 Qh4 21. Qg2 Ng5 22. Kh2 Nc5 23. Bc2 Rf6 24. b4 Raf8 25. Rxf6 Rxf6 26. Rf1 Nd7 27. a4 h5 28. Rxf6 Nxf6 29. Qg3 Nxg4+ 30. Kg2 Qxg3+ 31. Kxg3 Nxe3 32. Bb3 Kf7 33. h4 Nh7 34. Kf3 Nc4 35. Nxc4 g5 36. axb5 axb5 37. Na3 gxh4 38. Nxb5 Ng5+ 39. Kg2 Nxe4 40. Bc2 Nd2 41. Nxc7 Nc4 42. Bd3 Nb6 43. c4 g5 44. c5 Nc8 45. Ne6 g4 46. Ng5+ Ke7 47. Ba6 h3+ 48. Kh2 Na7 49. Ne4 dxc5 50. bxc5 Kd8 51. Nf6 Ke7 52. Nxh5 e4 53. Nf4 e3 54. Be2 Kf6 55. Nd3 Kg5 56. Ne5 Kf4 57. Nxg4 Ke4 58. d6 Kd4 59. Nxe3 Kxc5 60. Nf5 Nc6 61. Bf3 Nd8 62. Kxh3 Nf7 63. d7 Nd8 64. Bg4 Kd5 65. Ng7 Ke5 66. Ne8 Kd5 67. Kg3 Ke4 68. Nc7 Ke5 69. Ne6 Nb7 70. Kf3 Kd6 71. d8Q+ Nxd8 72. Nxd8 Kc7 73. Ne6+ Kd6 74. Ke4 Kc6 75. Nd4+ Kc5 76. Be2 Kd6 77. Nb3 Ke6 78. Bb5 Kd6 79. Bc4 Kd7 80. Nd4 Ke7 81. Ne6 1-0

[Event "Bayern-ch Seniors 15th"]
[Site "Schloss Schney"]
[Date "2003.06.15"]
[Round "3.33"]
[White "Ambros, Hans"]
[Black "Jakubowski, Karl"]
[Result "0-1"]
[WhiteElo "1242"]
[BlackElo "1398"]
[PlyCount "114"]
[EventDate "2003.06.13"]
[EventType "swiss"]
[EventRounds "9"]
[EventCountry "GER"]
[SourceTitle "EXT 2004"]
[Source "ChessBase"]
[SourceDate "2003.11.25"]
[SourceVersion "1"]
[SourceVersionDate "2003.11.25"]
[SourceQuality "1"]

1. e4 e5 2. Nf3 Nc6 3. Bc4 Be7 4. d3 d6 5. h3 Nf6 6. Be3 0-0 7. 0-0 Bd7 8. Nc3 a6 9. a3 Qc8 10. Nd5 h6 11. Nh2 Bd8 12. f4 Nh7 13. f5 Kh8 14. g4 Ne7 15. Nc3 Ng8 16. Nf3 c6 17. b4 Bf6 18. Bb3 Qd8 19. a4 Bg5 20. Bxg5 Nxg5 21. h4 Nxf3+ 22. Qxf3 Qxh4 23. Rf2 Nf6 24. Rg2 Nh7 25. Rf1 Qd8 26. a5 Ng5 27. Qe2 Nh3+ 28. Kh1 Nf4 29. Rxf4 exf4 30. Qf3 Qh4+ 31. Kg1 Qe1+ 32. Kh2 Qxc3 33. Qxf4 Qe5 34. Qxe5 dxe5 35. Rg3 f6 36. c4 Rab8 37. c5 Be8 38. Bc4 Bf7 39. Bxf7 Rxf7 40. Rh3 Kh7 41. Kg2 Rd8 42. Kf2 Rd4 43. Ke2 Rxb4 44. Rh1 Rb5 45. Rc1 Rxa5 46. Rc2 Rd7 47. Rc3 Ra2+ 48. Ke3 Rh2 49. Rb3 Rh3+ 50. Ke2 Rg3 51. Kd2 Rxg4 52. Kc2 Rg2+ 53. Kc3 Rg3 54. Kc2 h5 55. Kd2 h4 56. Rc3 h3 57. Ke2 h2 0-1